000 00634cam a22002177a 4500
001 000008477
005 20200929161340.0
008 030228s2001 pn 000 0 spa
010 _a2003441645
020 _a9962812097
040 _aDO-SdBNP
_cDLC
_dBNPHU
082 _aP863.44
_bR482s
100 1 _aRiba Penalba, Javier,
_d1955-
_922791
245 1 3 _aLa segunda ley /
_cJavier Riba Penalba.
260 _aPanamá :
_bCírculo de Lectura de la USMA,
_c2001.
300 _a421 p. ;
_c21 cm.
650 4 _aNovela panameña
_921757
650 4 _aLiteratura panameña
_94261
910 _aCatalogación por copia / LC
049 _aBNGR
999 _c8248
_d8248